000 01390nam a2200313 c 4500
003 BLK
005 20190717144515.0
008 180409b bul|||||r ||||||| ||bul||
010 _aKNG00130328000
040 _aBLK
041 _aBUL
_cBUL
080 _aСловашка литература
_b821.162.4
_x-31
_z821.162.4-31
100 1 _aБалек, Ладислав
_eпърви автор
_936013
700 1 _aВидрарска, Мариана
_eпрев. от словаш.
_948010
700 1 _aАтанасова, Стела
_eпрев. от словаш.
_9377399
700 1 _aКаникова, Соня
_eпрев.
_976012
139 _aБалек, Ладислав
_bБ 21
245 1 0 _aАкации
_bРоман
_cЛадислав Балек; прев. от словаш. Мариана Видрарска; прев. от словаш. Стела Атанасова; прев. Соня Каникова.
257 _aCSK
260 София
_bНар. култура
_c1987
_fВ. Търново : Д. Найденов
300 _a744 с.
_bс портр.
_c21 см
380 _aX
500 _aОриг. загл. Agaty / Ladislav Ballek. - Без тир.
852 _aЦб 148683
856 4 _qpdf
_u
856 4 _qpdf
_u
942 _cKNG
_n0
_01
944 _aCR
_c05.05.2012
_l05.05.2012 - от С1,Р / 05.05.2012
_kВиолета_Тройчева
944 _aED
_c05.05.2012
_l05.05.2012 - от С1,Р / 05.05.2012
_k
999 _c124661
_d124661